000 00614cam a22002053a 4500
001 44799
003 PGUSA
005 20140828084025.0
008 140130s2014||||xxu|||||s|||||000 | eng d
040 _aPGUSA
_beng
042 _adc
245 1 0 _aBenjamin Disraeli, The Earl Of Beaconsfield, K.G. :
_bCartoons From "Punch" 1843-1878
_h[electronic resource]
260 _bProject Gutenberg,
_c2014
506 _aPublic domain in the USA.
516 _aElectronic text
700 1 _aLeech, John,
_d1817-1864
830 0 _aProject Gutenberg
_v44799
856 4 0 _uhttp://www.gutenberg.org/ebooks/44799
942 _cEB
999 _c274050
_d274050